Derecho hipotecario / (Record no. 131421)

MARC details
000 -LEADER
campo de control de longitud fija 00601nam a2200193 i 4500
001 - NÚMERO DE CONTROL
campo de control 131421
003 - IDENTIFICADOR DE NÚMERO DE CONTROL
campo de control ES-MaACL
005 - FECHA Y HORA DE LA ÚLTIMA TRANSACCIÓN
campo de control 20250809023654.0
007 - CAMPO FIJO DE DESCRIPCIÓN FÍSICA--INFORMACIÓN GENERAL
campo de control de longitud fija t|
008 - DATOS DE LONGITUD FIJA--INFORMACIÓN GENERAL
campo de control de longitud fija 070214s1948 sp r ||||1| spa d
100 1# - ENTRADA PRINCIPAL--NOMBRE DE PERSONA
Nombre de persona Roca Sastre, Ramón María,
Fechas asociadas al nombre 1899-1979
9 (RLIN) 98011
245 10 - MENCIÓN DEL TÍTULO
Título Derecho hipotecario /
Mención de responsabilidad, etc. Ramón Mª Roca Sastre.
260 ## - PUBLICACIÓN, DISTRIBUCIÓN, ETC.
Lugar de publicación, distribución, etc. Barcelona :
Nombre del editor, distribuidor, etc. Bosch,
Fecha de publicación, distribución, etc. 1948.
300 ## - DESCRIPCIÓN FÍSICA
Extensión 4 v. ;
Dimensiones 23 cm.
650 #7 - PUNTO DE ACCESO ADICIONAL DE MATERIA--TÉRMINO DE MATERIA
Término de materia o nombre geográfico como elemento de entrada Derecho hipotecario-
Subdivisión geográfica España
Fuente del encabezamiento o término
9 (RLIN) 147944
852 ## - LOCALIZACIÓN
Ubicación ES-MaACL
Número de control de estantería A-1376-79
Sublocalización o colección R.31950
852 1# - LOCALIZACIÓN
Ubicación BA
Número de control de estantería F-5267-71
Nota libre .- El v. V es un apéndice
Holdings
Estatus retirado Estado de pérdida Estado de daño No para préstamo Biblioteca de origen Biblioteca actual Ubicación en estantería Fecha de adquisición Fuente de adquisición Total de préstamos Signatura topográfica completa Código de barras Visto por última vez Precio de reemplazo Tipo de ítem Koha
        Biblioteca del Ateneo de Madrid Biblioteca del Ateneo de Madrid Depósito 2 28/01/2019     F-5267-71 1199707 23/02/2023 23/02/2023 Libro impreso
        Biblioteca del Ateneo de Madrid Biblioteca del Ateneo de Madrid Sala Pecera Planta 1 17/01/2008     A-1376-79 1136819 23/02/2023 23/02/2023 Libro impreso